| 000 | 00361nam a22001457a 4500 | ||
|---|---|---|---|
| 003 | SGT | ||
| 020 | _a9789352501205 | ||
| 082 |
_a610.7343 _bP16B |
||
| 100 | _aBASAVANTHAPPA, BT. | ||
| 245 | _aPRACTICE WORKBOOK OF COMMUNITY HEALTH NURSING | ||
| 260 |
_aINDIA _bJAYPEE PUB _c2016 |
||
| 300 | _a226 | ||
| 650 | _aCOMMUNITY HEALTH NURSING | ||
| 942 |
_2ddc _cBK _01 |
||
| 999 |
_c21885 _d21885 |
||